<?xml version="1.0" encoding="UTF-8"?>
<record
    xmlns:xsi="http://www.w3.org/2001/XMLSchema-instance"
    xsi:schemaLocation="http://www.loc.gov/MARC21/slim http://www.loc.gov/standards/marcxml/schema/MARC21slim.xsd"
    xmlns="http://www.loc.gov/MARC21/slim">

  <leader>04376nam a2200373 a 4500</leader>
  <controlfield tag="001">ebr10509331</controlfield>
  <controlfield tag="003">CaPaEBR</controlfield>
  <controlfield tag="006">m        u        </controlfield>
  <controlfield tag="007">cr cn|||||||||</controlfield>
  <controlfield tag="008">110121s2011    dcuaf   sb    001 0 eng d</controlfield>
  <datafield tag="010" ind1=" " ind2=" ">
    <subfield code="z">  2011003154</subfield>
  </datafield>
  <datafield tag="020" ind1=" " ind2=" ">
    <subfield code="z">1555815030</subfield>
  </datafield>
  <datafield tag="020" ind1=" " ind2=" ">
    <subfield code="z">9781555815035</subfield>
  </datafield>
  <datafield tag="020" ind1=" " ind2=" ">
    <subfield code="z">9781555817107 (e-book)</subfield>
  </datafield>
  <datafield tag="040" ind1=" " ind2=" ">
    <subfield code="a">CaPaEBR</subfield>
    <subfield code="c">CaPaEBR</subfield>
  </datafield>
  <datafield tag="035" ind1=" " ind2=" ">
    <subfield code="a">(OCoLC)761284136</subfield>
  </datafield>
  <datafield tag="050" ind1="1" ind2="4">
    <subfield code="a">QR47</subfield>
    <subfield code="b">.O675 2011eb</subfield>
  </datafield>
  <datafield tag="082" ind1="0" ind2="4">
    <subfield code="a">617.5/22</subfield>
    <subfield code="2">22</subfield>
  </datafield>
  <datafield tag="245" ind1="0" ind2="0">
    <subfield code="a">Oral microbial communities</subfield>
    <subfield code="h">[electronic resource] :</subfield>
    <subfield code="b">genomic inquiry and interspecies communication /</subfield>
    <subfield code="c">edited by Paul E. Kolenbrander.</subfield>
  </datafield>
  <datafield tag="260" ind1=" " ind2=" ">
    <subfield code="a">Washington, D.C. :</subfield>
    <subfield code="b">ASM Press,</subfield>
    <subfield code="c">c2011.</subfield>
  </datafield>
  <datafield tag="300" ind1=" " ind2=" ">
    <subfield code="a">xvii, 402 p., [20] p. of plates :</subfield>
    <subfield code="b">ill. (some col.)</subfield>
  </datafield>
  <datafield tag="504" ind1=" " ind2=" ">
    <subfield code="a">Includes bibliographical references and index.</subfield>
  </datafield>
  <datafield tag="505" ind1="0" ind2=" ">
    <subfield code="a">Interspecies interactions promote multispecies communities / Paul E. Kolenbrander and Saravanan Periasamy -- The oral microbiome / Kanitsak Boonanantanasarn and Steven R. Gill -- Genomes of Streptococcus mitis, Streptococcus oralis, and Streptococcus infantis / Herv&#xFFFD;e S. G. Tettelin and Mogens Kilian -- Biological implications of the Streptococcus sanguinis genome / Todd Kitten, Lauren Senty Turner, and Ping Xu -- Actinomyces oris fimbriae : an adhesive principle in bacterial biofilms and tissue tropism / Hung Ton-That, Asis Das, and Arunima Mishra -- Insights into genus veillonella in the genomics era -- Fusobacteria : bridging between health and disease : a metatranscriptomic approach / Gilad Bachrach, Shunit Coppenhagen-Glazer, and Itamar Simon -- The Aggregatibacter actinomycetemcomitans genome : diversity of pathogenic potential / Knud Poulsen, Herv&#xFFFD;e Tettelin, and Mogens Kilian -- Porphyromonas gingivalis : the role of surface structures in virulence and biofilm development / Mary Ellen Davey, Heike Boisvert, and Annette Arndt -- Genome functions of Tannerella forsythia in bacterial communities / Ashu Sharma -- Treponomics : Treponema denticola genome and functions / J. Christopher Fenno -- Candida albicans colonization and community development / Howard F. Jenkinson and Carol A. Munro -- Functional genomics of Streptococcus mutans / Robert A. Burne ... [et al.] -- Interactions of porphyromonas gingivalis with human gingival epithelium / &#xFFFD;Ozlem Yilmaz -- Fusobacterium nucleatum interaction with host cells / Yiping W. Han --</subfield>
  </datafield>
  <datafield tag="505" ind1="0" ind2=" ">
    <subfield code="a">Competence-stimulating peptides in oral bacterial signaling : possible implications in a community life / Fernanda Cristina Petersen and Anne Aamdal Scheie -- Autoinducer-2-regulated genes in Streptococcus mutans and impact on oral bacterial communities / Julie A. Perry and Dennis G. Cvitkovitch -- Alternative autoinducer-2 quorum-sensing response circuits : impact on microbial community development / Donald R. Demuth, Elizabeth Novak, and Hanjuan Shao -- Cell-cell contact-induced gene regulation in Streptococcus gordonii-actinomyces oris communities / Nicholas S. Jakubovics -- Metabolite sensing in a model polymicrobial community / Matthew Ramsey ... [et al.] -- Heterotypic Streptococcus gordonii-porphyromonas gingivalis communities : formation, gene regulation, and development / Masae Kuboniwa and Richard J. Lamont -- Antagonistic, synergistic, and counteroffensive strategies for streptococcal interspecies interactions / Jens Kreth ... [et al.] -- Role for autoinducer-2 in the development of commensal streptococcal biofilms / Alexander H. Rickard, Adam J. Underwood, and Shawn R. Campagna -- The Streptococcus-veillonella community : how genome sequencing aids our understanding of interspecies interaction / Fengxia Qi and Joseph J. Ferretti -- Spatiotemporal organization of multispecies communities in the human oral microbiome / Robert J. Palmer Jr. and Paul E. Kolenbrander.</subfield>
  </datafield>
  <datafield tag="533" ind1=" " ind2=" ">
    <subfield code="a">Electronic reproduction.</subfield>
    <subfield code="b">Palo Alto, Calif. :</subfield>
    <subfield code="c">ebrary,</subfield>
    <subfield code="d">2011.</subfield>
    <subfield code="n">Available via World Wide Web.</subfield>
    <subfield code="n">Access may be limited to ebrary affiliated libraries.</subfield>
  </datafield>
  <datafield tag="650" ind1=" " ind2="0">
    <subfield code="a">Mouth</subfield>
    <subfield code="x">Microbiology.</subfield>
  </datafield>
  <datafield tag="650" ind1=" " ind2="0">
    <subfield code="a">Bacterial genetics.</subfield>
  </datafield>
  <datafield tag="650" ind1=" " ind2="0">
    <subfield code="a">Cellular signal transduction.</subfield>
  </datafield>
  <datafield tag="655" ind1=" " ind2="7">
    <subfield code="a">Electronic books.</subfield>
    <subfield code="2">local</subfield>
  </datafield>
  <datafield tag="700" ind1="1" ind2=" ">
    <subfield code="a">Kolenbrander, Paul E.</subfield>
  </datafield>
  <datafield tag="710" ind1="2" ind2=" ">
    <subfield code="a">American Society for Microbiology.</subfield>
  </datafield>
  <datafield tag="710" ind1="2" ind2=" ">
    <subfield code="a">ebrary, Inc.</subfield>
  </datafield>
  <datafield tag="856" ind1="4" ind2="0">
    <subfield code="u">http://site.ebrary.com/lib/rucke/Doc?id=10509331</subfield>
    <subfield code="z">An electronic book accessible through the World Wide Web; click to view</subfield>
  </datafield>
  <datafield tag="999" ind1=" " ind2=" ">
    <subfield code="c">116295</subfield>
    <subfield code="d">116295</subfield>
  </datafield>
</record>
